000 00531nam a2200205Ia 4500
003 OSt
005 20230324100133.0
008 210423s2006 xx 000 0 und d
020 _a8181521269
040 _cAL
041 _aeng
082 _a302.23
_223
_bGAUS
100 _aGAUR (Sanjay).
_977262
245 _aDimensions of mass media and communication.
260 _aNew Delhi
_bBook Enclave
_c2006
300 _a271
_bHB
365 _b695
_cINR
906 _acommunication. ; Dimensions ; mass ; media
942 _2ddc
_cBK
999 _c155767
_d155767